<?xml version="1.0" encoding="UTF-8"?>
<record
    xmlns:xsi="http://www.w3.org/2001/XMLSchema-instance"
    xsi:schemaLocation="http://www.loc.gov/MARC21/slim http://www.loc.gov/standards/marcxml/schema/MARC21slim.xsd"
    xmlns="http://www.loc.gov/MARC21/slim">

  <leader>01923nam a2200265 i 4500</leader>
  <controlfield tag="001">48757</controlfield>
  <controlfield tag="003">ES-MaACL</controlfield>
  <controlfield tag="005">20230906161820.0</controlfield>
  <controlfield tag="007">t|</controlfield>
  <controlfield tag="008">950728m18611872fr           ||||1| fre d</controlfield>
  <datafield tag="040" ind1=" " ind2=" ">
    <subfield code="a">CAM </subfield>
    <subfield code="b">spa </subfield>
    <subfield code="c">CAM</subfield>
  </datafield>
  <datafield tag="245" ind1="0" ind2="0">
    <subfield code="a">Dictionnaire de la conversation et de la lecture </subfield>
    <subfield code="b">: inventaire raisonn&#xE9; des notions g&#xE9;n&#xE9;rales les plus indispensables &#xE0; tous ; [Suppl&#xE9;ment offrant le r&#xE9;sum&#xE9; des faits et des id&#xE9;es de notre temps. I-V.] / </subfield>
    <subfield code="c">par une Soci&#xE9;t&#xE9; de Savants et de Gens de Lettres sous la direction de M. W. Duckett.</subfield>
  </datafield>
  <datafield tag="250" ind1=" " ind2=" ">
    <subfield code="a">2e &#xE9;dition, enti&#xE8;rement refondue, corrig&#xE9;e et aument&#xE9;e de plusieurs milliers d'articles tout d'actualit&#xE9;.</subfield>
  </datafield>
  <datafield tag="260" ind1=" " ind2=" ">
    <subfield code="a">Paris : </subfield>
    <subfield code="b">Firmin Didot Fr&#xE8;res, </subfield>
    <subfield code="c">1861-1872.</subfield>
  </datafield>
  <datafield tag="300" ind1=" " ind2=" ">
    <subfield code="a">21 v. ; </subfield>
    <subfield code="c">27 cm.</subfield>
  </datafield>
  <datafield tag="500" ind1=" " ind2=" ">
    <subfield code="a">Los cinco &#xFA;ltimos v. son el Suplemento.</subfield>
  </datafield>
  <datafield tag="505" ind1="8" ind2=" ">
    <subfield code="a">Contiene: T.1 : A-Arias.- 1861 --T. 2 : Ari&#xE8;ge-Bequille.- 1861 - - T. 3 : B&#xE9;rang..-Brun.. .-  1862 --T. 4 : Bruns.-Cent-J.. - 1861 -- T. 5 : Centl.-Coiffe. - 1861 --T. 6 : Coiff.-Ct&#xE9;sip.. -  1862 --T. 7 : Cuba-Douze-T.. - 1861 -- T. 8 : Dovall.-Espag.. - 1861 --  T. 9 : Espag.-Fr&#xEA;ch.. - 1861 -- T.. 10 : Fr&#xE8;re-Helys.. -  1861 -- T. 11 : Hemans.-Kossu.. - 1862 -- T. 12 : Kotze.-Maxim.. - 1861 -- T. 13 : Maxime-Orient. - 1861 -- T. 14 : Orient-Post.. - 1861 -- T. 15 : Postes-Saxons. - 1861 -- T. 16 : Saxophone-Z .- 1861 -- Supl. 1 : A-Canon .- 1864 -- Supl. 2 : Canonica-Coutances.- 1868 -- Supl. 3 : Coute..-France .- 1872  --  Supl. 4 : Francfort-Ning-Po -- Supl. 5 : Ninive-Syr.</subfield>
  </datafield>
  <datafield tag="593" ind1=" " ind2=" ">
    <subfield code="a">En el suplemento 5&#xBA; aparece como director: P. Lousy y faltan &#xFA;ltimas p&#xE1;ginas.</subfield>
  </datafield>
  <datafield tag="596" ind1=" " ind2=" ">
    <subfield code="a">Suplemento 4&#xBA; y 5&#xBA; sin a&#xF1;o de publicaci&#xF3;n.</subfield>
  </datafield>
  <datafield tag="597" ind1=" " ind2=" ">
    <subfield code="a">En anteportada: R&#xE9;pertoire des connaissances usuelles.</subfield>
  </datafield>
  <datafield tag="650" ind1=" " ind2=" ">
    <subfield code="a">Enciclopedias.</subfield>
    <subfield code="9">12235</subfield>
  </datafield>
  <datafield tag="700" ind1="1" ind2=" ">
    <subfield code="a">Duckett, William (</subfield>
    <subfield code="d">1805-1873)</subfield>
    <subfield code="9">45836</subfield>
  </datafield>
  <datafield tag="700" ind1="1" ind2=" ">
    <subfield code="a">Louisy, Paul.</subfield>
    <subfield code="9">153048</subfield>
  </datafield>
  <datafield tag="852" ind1=" " ind2=" ">
    <subfield code="a">ES-MaACL</subfield>
    <subfield code="j">G-887-907</subfield>
  </datafield>
  <datafield tag="999" ind1=" " ind2=" ">
    <subfield code="c">48757</subfield>
    <subfield code="d">48757</subfield>
  </datafield>
  <datafield tag="952" ind1=" " ind2=" ">
    <subfield code="0">0</subfield>
    <subfield code="1">0</subfield>
    <subfield code="4">0</subfield>
    <subfield code="7">0</subfield>
    <subfield code="8">Colecci&#xF3;n_de_referencia </subfield>
    <subfield code="a">ATENEOM</subfield>
    <subfield code="b">ATENEOM</subfield>
    <subfield code="c">SPP3</subfield>
    <subfield code="d">2008-01-17</subfield>
    <subfield code="e">SC</subfield>
    <subfield code="l">0</subfield>
    <subfield code="o">G-887-907</subfield>
    <subfield code="p">1051310</subfield>
    <subfield code="r">2023-02-23 00:00:00</subfield>
    <subfield code="w">2023-02-23</subfield>
    <subfield code="y">MONANT</subfield>
  </datafield>
</record>
